[Event "Challenge"]
[Site "http://www.queenalice.com/game.php?id=1592596"]
[Date "2019.12.9"]
[Round "-"]
[White "BeeHappy"]
[Black "magalhaes_br"]
[Result "1-0"]
[WhiteElo "1306"]
[BlackElo "1479"]

1. d4 d5 2. Nc3 Nf6 3. Be3 e6 4. Qd2 Bb4 5. O-O-O Ne4 6. Qd3 Nxf2 7. Bxf2 Nd7 8.
Nf3 Nf6 9. h4 O-O 10. g3 c6 11. Bh3 c5 12. dxc5 Qc7 13. Rhe1 Bxc5 14. Rf1 b6 15.
Ng5 g6 16. Nb5 Qc6 17. Nd4 Qd6 18. g4 h6 19. Ngf3 Kg7 20. g5 Ng8 21. gxh6+ Nxh6
22. Ng5 e5 23. Nb5 Qc6 24. Bxc8 Rfxc8 25. Bg3 Rf8 26. Nc3 e4 27. Qxd5 Qxd5 28.
Rxd5 Be3+ 29. Kb1 Rad8 30. a3 Rde8 31. Be5+ Kg8 32. Bd6 Kh8 33. Ncxe4 Rg8 34.
Be5+ Rg7 35. Rxf7 Nxf7 36. Nxf7+ Kg8 37. Bxg7 Kxg7 38. Rd7 Kf8 39. Nf6 Rb8 40.
Rd8+ Rxd8 41. Nxd8 Ke7 42. Ng4 Bf4 43. Nc6+ Kf7 44. Nxa7 Kg7 45. a4 Bb8 46. Nc6
Bc7 47. e4 Bg3 48. b4 Bxh4 49. c4 g5 50. a5 bxa5 51. bxa5 Bg3 52. a6 Kg6 53. a7
Kh5 54. Nf6+ Kg6 55. Nd7 Kh5 56. a8=Q Kg6 57. Qg8+ Kh5 58. Nf6+ Kh4 59. Qh8# 1-0

[Event "Challenge"]
[Site "http://www.queenalice.com/game.php?id=1593022"]
[Date "2019.12.14"]
[Round "-"]
[White "magalhaes_br"]
[Black "BeeHappy"]
[Result "1-0"]
[WhiteElo "1479"]
[BlackElo "1333"]

1. e4 e5 2. Nf3 Nc6 3. Bc4 Bd6 4. O-O Nf6 5. d3 O-O 6. c3 Qe7 7. Nbd2 a5 8. a4
Ng4 9. Nb3 b6 10. Bg5 Qe8 11. h3 Nf6 12. Re1 Qe7 13. d4 Ba6 14. Nbd2 exd4 15.
cxd4 b5 16. axb5 Bxb5 17. Bxb5 Nxd4 18. Nxd4 Qe5 19. Be3 c6 20. Bc4 Qh2+ 21. Kf1
c5 22. N4f3 Qh1+ 23. Ke2 Qxg2 24. h4 Qg4 25. Rg1 Qh5 26. Rh1 Ng4 27. Bd5 Rae8
28. Rxa5 Bc7 29. Rxc5 Rc8 30. Nf1 Bb6 31. Rxc8 Rxc8 32. Qb3 Re8 33. Bxb6 Nf6 34.
Bxf7+ Qxf7 35. Qxf7+ Kxf7 36. h5 Rxe4+ 37. Kd3 Rf4 38. Ke3 Nd5+ 39. Ke2 Nxb6 40.
N1d2 Nd5 41. Ra1 g6 42. Ng5+ Kf6 43. Nxh7+ Kg7 44. Ng5 Kh6 45. Nh3 Rh4 46. Rh1
Rxh5 47. Ne4 g5 48. Ng3 Rh4 49. Nf5+ Kh5 50. Nxh4 Kxh4 51. Nf4+ Kg4 52. Nxd5 d6
53. b4 Kf5 54. Rc1 g4 55. f3 gxf3+ 56. Kf2 Ke4 57. b5 Kxd5 58. Kxf3 Ke5 59. Ke3
d5 60. Kd3 d4 61. Rc4 Kd5 62. b6 Ke5 63. b7 Kd5 64. Rxd4+ Ke5 65. b8=Q+ Kf6 66.
Re4 Kg7 67. Rf4 Kh7 68. Rg4 Kh6 69. Qh2# 1-0

[Event "Pizza"]
[Site "http://www.queenalice.com/game.php?id=1602686"]
[Date "2020.3.15"]
[Round "-"]
[White "magalhaes_br"]
[Black "BeeHappy"]
[Result "1-0"]
[WhiteElo "1461"]
[BlackElo "1319"]

1. e4 d5 2. e5 f6 3. d4 Nc6 4. Nf3 Bg4 5. Be2 Qd7 6. c3 O-O-O 7. b4 fxe5 8. h3
Bh5 9. dxe5 e6 10. O-O Be7 11. a4 h6 12. a5 a6 13. b5 Nxe5 14. bxa6 bxa6 15.
Bxa6+ Kb8 16. Qb3+ Ka7 17. Qb7# 1-0

[Event "Pizza"]
[Site "http://www.queenalice.com/game.php?id=1605391"]
[Date "2020.4.2"]
[Round "-"]
[White "BeeHappy"]
[Black "magalhaes_br"]
[Result "0-1"]
[WhiteElo "1317"]
[BlackElo "1611"]

1. e4 e5 2. Nf3 d6 3. Bb5+ c6 4. Ba4 Nf6 5. O-O Be6 6. d4 Nbd7 7. Nc3 b5 8. Bb3
a5 9. Be3 c5 10. Nxb5 exd4 11. Bf4 Nxe4 12. Qd3 d5 13. Bg5 Nxg5 14. Nxg5 Qxg5
15. Nc7+ Kd8 16. Nxa8 Bd6 17. h3 Ne5 18. Qa6 Bxh3 19. g3 Ke7 20. Bxd5 Nd7 21.
Rae1+ Ne5 22. Nb6 Kf6 23. Bg2 Nf3+ 24. Bxf3 Bxf1 25. Qxf1 h5 26. Nd7+ Kg6 27. c3
Qf5 28. Qg2 Qxd7 29. Be4+ f5 30. Bd3 Rh6 31. f3 Kh7 32. cxd4 Rg6 33. Qh3 Rxg3+
34. Kh2 Rxf3+ 35. Kg2 Rxh3 36. Kxh3 Kh6 37. Rg1 f4+ 38. Kh2 f3+ 39. Kh1 Qh3# 0-1

[Event "Pizza"]
[Site "http://www.queenalice.com/game.php?id=1606327"]
[Date "2020.4.6"]
[Round "-"]
[White "magalhaes_br"]
[Black "BeeHappy"]
[Result "1-0"]
[WhiteElo "1600"]
[BlackElo "1322"]

1. e4 e5 2. d4 exd4 3. Qxd4 Nf6 4. Bc4 Bd6 5. e5 Bxe5 6. Qxe5+ Qe7 7. Qxe7+ Kxe7
8. Nf3 d5 9. Bb3 Ne4 10. O-O Rd8 11. Nc3 Bf5 12. Nd4 Bc8 13. Nxe4 dxe4 14. Be3
Kf8 15. Rfd1 Nc6 16. Ne2 Bf5 17. h3 a5 18. c3 Kg8 19. Rd2 b6 20. Rad1 h6 21. Ba4
Ne7 22. Rxd8+ Rxd8 23. Rxd8+ Kh7 24. Bd7 Bg6 25. Nf4 Bf5 26. Be8 Ng6 27. Bxf7
Nh8 28. Bh5 Ng6 29. g4 Bxg4 30. Bxg6# 1-0

[Event "Violeta"]
[Site "http://www.queenalice.com/game.php?id=1610110"]
[Date "2020.4.30"]
[Round "-"]
[White "BeeHappy"]
[Black "magalhaes_br"]
[Result "1/2-1/2"]
[WhiteElo "1337"]
[BlackElo "1469"]

1. e4 e5 2. Nf3 d6 3. Bc4 Be6 4. d3 Qd7 5. O-O b5 6. Bb3 Nf6 7. Bg5 Be7 8. Nc3
c6 9. Qd2 O-O 10. Rae1 c5 11. Bxe6 Qxe6 12. a3 Nc6 13. Nxb5 Rab8 14. a4 a6 15.
Nc3 Rxb2 16. d4 Qg4 17. Qc1 Nxd4 18. Nxd4 cxd4 19. Qxb2 Qxg5 20. Nd5 Nxd5 21.
exd5 h6 22. Re4 Qf6 23. Qb6 Ra8 24. Rc1 Bd8 25. Qb7 Qf5 26. Ree1 Qc8 27. Qxc8
Rxc8 28. f3 Rc5 29. c4 dxc3 30. Rc2 Ba5 31. Rec1 Rxd5 32. g3 Rd2 33. h3 Rxc2 34.
Rxc2 d5 35. f4 d4 36. fxe5 d3 37. Rc1 d2 38. Rd1 c2 39. Rxd2 Bxd2 40. Kf2 c1=Q
41. g4 Bf4 42. h4 Bxe5 43. Kf3 Qf4+ 44. Kg2 Qxg4+ 45. Kf2 Qxh4+ 46. Ke2 Qxa4 47.
Ke3 Qd4+ 48. Kf3 a5 49. Ke2 a4 50. Kf1 Qe3 51. Kg2 a3 52. Kf1 a2 53. Kg2 a1=Q
1/2-1/2

[Event "Cacto"]
[Site "http://www.queenalice.com/game.php?id=1610330"]
[Date "2020.5.1"]
[Round "-"]
[White "magalhaes_br"]
[Black "BeeHappy"]
[Result "0-1"]
[WhiteElo "1492"]
[BlackElo "1314"]

1. e4 e5 2. d4 d6 3. dxe5 dxe5 4. Nf3 Bd6 5. Bc4 Nf6 6. Qd5 Nxd5 7. Bxd5 O-O 8.
O-O Bg4 9. Nbd2 Qf6 10. Bxb7 Nd7 11. Bxa8 Rxa8 12. b3 Bb4 13. Bb2 Nc5 14. a3 Ba5
15. b4 Bb6 16. Bxe5 Qe6 17. bxc5 Bxc5 18. Bxc7 Rc8 19. Ng5 Qd7 20. Be5 Qxd2 21.
Nxh7 Kxh7 22. h3 Be2 23. Rfe1 f6 24. Bb2 Qxc2 25. e5 Qxb2 26. Rab1 Qxa3 27. Rxe2
Re8 28. Rbe1 fxe5 29. Rxe5 Rxe5 30. Rxe5 Qa1+ 31. Kh2 Qxe5+ 32. g3 Bxf2 33. Kg2
Qe3 34. h4 Qxg3+ 35. Kf1 a5 36. h5 a4 37. h6 a3 38. hxg7 Kxg7 39. Ke2 a2 40. Kd2
a1=Q 41. Ke2 Qa2+ 42. Kf1 Qg1# 0-1

[Event "Challenge"]
[Site "http://www.queenalice.com/game.php?id=1610493"]
[Date "2020.5.2"]
[Round "-"]
[White "BeeHappy"]
[Black "Francisco333"]
[Result "1-0"]
[WhiteElo "1312"]
[BlackElo "950"]

1. e4 e5 2. Nf3 Nc6 3. Bb5 a6 4. Ba4 Nf6 5. d3 Be7 6. O-O O-O 7. Nc3 Bd6 8. Bg5
h6 9. Bh4 Bb4 10. Nd5 Be7 11. Qd2 Bb4 12. Nxb4 a5 13. Nd5 d6 14. Nxf6+ Kh8 15.
Nd5 g5 16. Nxg5 f6 17. Nf3 b6 18. Bxc6 Ra7 19. Qxh6+ Kg8 20. Nxf6+ Kf7 21. Qh7+
Ke6 22. Bd5# 1-0

[Event "Challenge"]
[Site "http://www.queenalice.com/game.php?id=1613199"]
[Date "2020.5.22"]
[Round "-"]
[White "Francisco333"]
[Black "BeeHappy"]
[Result "0-1"]
[WhiteElo "1042"]
[BlackElo "1342"]

1. e4 e5 2. f3 Nf6 3. Nc3 Bb4 4. a3 Bc5 5. Bb5 a6 6. Bd3 O-O 7. Nge2 c6 8. b4
Bb6 9. g3 c5 10. b5 a5 11. O-O c4+ 12. Rf2 Bxf2+ 13. Kxf2 cxd3 14. cxd3 d6 15.
d4 Be6 16. d3 d5 17. Qb3 dxe4 18. fxe4 Bxb3 19. Bg5 Nbd7 20. h4 h6 21. Be3 Qc7
22. d5 Ng4+ 23. Kf3 Nxe3 24. Kxe3 Nf6 25. Rb1 a4 26. Nc1 Bc2 27. Ra1 Qxc3 28.
Ke2 Qxa1 29. Kd2 Rac8 30. d6 Rfd8 31. g4 Nxg4 32. h5 Rxd6 33. Ne2 Rxd3# 0-1

[Event "Azáleia"]
[Site "http://www.queenalice.com/game.php?id=1614092"]
[Date "2020.5.28"]
[Round "-"]
[White "magalhaes_br"]
[Black "BeeHappy"]
[Result "0-1"]
[WhiteElo "1464"]
[BlackElo "1372"]

1. c3 e5 2. d4 Nc6 3. d5 Nce7 4. c4 d6 5. e4 c6 6. Nf3 Nf6 7. Bd3 cxd5 8. cxd5
Qb6 9. O-O Qb4 10. Qb3 Qxb3 11. axb3 Bg4 12. Nbd2 Ng6 13. b4 Be7 14. b5 O-O 15.
h3 Bd7 16. Bc4 a6 17. bxa6 bxa6 18. Rxa6 Nf4 19. Rxa8 Rxa8 20. b4 h6 21. Nh4 Rc8
22. Nf5 Bf8 23. Nf3 Rxc4 24. Ba3 Rxe4 25. b5 Bxb5 26. Rb1 Bd7 27. Nxd6 Re2 28.
Kf1 N6xd5 29. Ra1 g6 30. Nc4 Bb5 31. Bxf8 Kxf8 32. Ra8+ Ke7 33. Ra7+ Ke6 34.
Nfd2 Bxc4 35. g3 Nxh3 36. Nxc4 Rxf2+ 37. Ke1 Nc3 38. Ra1 f5 39. Nd2 f4 40. g4 f3
41. Ra6+ Kd7 42. Ra7+ Kd6 43. Ra6+ Kc5 44. Ra5+ Kb4 45. Rxe5 Rg2 46. Re3 Rg1+
47. Nf1 f2+ 48. Kd2 Rxf1 49. Rxh3 Rd1+ 50. Kc2 f1=Q 51. Rxc3 Qe2# 0-1

[Event "Rosa"]
[Site "http://www.queenalice.com/game.php?id=1614093"]
[Date "2020.5.28"]
[Round "-"]
[White "BeeHappy"]
[Black "magalhaes_br"]
[Result "1-0"]
[WhiteElo "1350"]
[BlackElo "1495"]

1. e4 e5 2. Nf3 d6 3. Bc4 Nd7 4. O-O Ngf6 5. d3 g6 6. Bg5 Bg7 7. Nc3 O-O 8. Qd2
c6 9. Rae1 h6 10. Bxh6 Kh7 11. Bg5 a6 12. d4 b5 13. Bd3 Bb7 14. d5 Qb6 15. a4 b4
16. Ne2 b3 17. cxb3 Qxb3 18. h3 Qxa4 19. Ng3 Qb3 20. dxc6 Bxc6 21. Ra1 Nc5 22.
Bc2 Qe6 23. b4 Bh6 24. h4 Ncxe4 25. Nxe4 Nxe4 26. Qe2 Nxg5 27. hxg5 Bg7 28. Nh4
Qg4 29. Qxg4 f5 30. Qc4 Bb5 31. Qe6 Bxf1 32. Kxf1 Rfe8 33. Qxg6+ Kg8 34. Nxf5
Ra7 35. Qxe8+ Bf8 36. Nh6+ Kg7 37. b5 Re7 38. Qd8 Re6 39. Nf5+ Kg8 40. Nxd6 axb5
41. Ra7 Rxd6 42. Qe8 Rd5 43. Rf7 Rc5 44. Qxf8# 1-0

[Event "Challenge"]
[Site "http://www.queenalice.com/game.php?id=1615656"]
[Date "2020.6.9"]
[Round "-"]
[White "BeeHappy"]
[Black "Francisco333"]
[Result "1-0"]
[WhiteElo "1346"]
[BlackElo "1035"]

1. e4 e5 2. Nf3 d6 3. Bc4 c6 4. O-O Nf6 5. Nc3 Be7 6. d3 O-O 7. Ne2 c5 8. Ng3
Bg4 9. h3 Nh5 10. hxg4 Nc6 11. Nxh5 g6 12. Ng3 Bh4 13. Bh6 Re8 14. Qd2 g5 15.
Nxg5 Bxg5 16. Qxg5+ Kh8 17. Qg7# 1-0

[Event "Orquídea"]
[Site "http://www.queenalice.com/game.php?id=1620254"]
[Date "2020.7.13"]
[Round "-"]
[White "magalhaes_br"]
[Black "BeeHappy"]
[Result "1-0"]
[WhiteElo "1441"]
[BlackElo "1392"]

1. e4 d5 2. e5 Nc6 3. d4 e6 4. Nf3 Be7 5. Bb5 a6 6. Ba4 f6 7. Bf4 Bb4+ 8. c3 Be7
9. O-O fxe5 10. Nxe5 Nf6 11. Nxc6 bxc6 12. Bxc6+ Bd7 13. Bxa8 Qxa8 14. Nd2 O-O
15. Bxc7 Qc8 16. Ba5 Ne4 17. Nxe4 dxe4 18. Qe2 Bc6 19. Qe3 Bd8 20. Bb4 Rf7 21.
Rac1 a5 22. Ba3 Qa6 23. c4 a4 24. Rc3 h6 25. b4 Bf6 26. b5 Qb7 27. bxc6 Qxc6 28.
Re1 Bg5 29. Qxe4 Bd2 30. Qxc6 Bxe1 31. Rf3 Rxf3 32. Qxf3 g6 33. Bf8 Kh7 34. Qf7+
Kh8 35. Qg7# 1-0

[Event "Calzone"]
[Site "http://www.queenalice.com/game.php?id=1622291"]
[Date "2020.7.30"]
[Round "-"]
[White "BeeHappy"]
[Black "magalhaes_br"]
[Result "1-0"]
[WhiteElo "1378"]
[BlackElo "1516"]

1. e4 e5 2. Nf3 d6 3. Bc4 Nh6 4. O-O g6 5. Bb5+ c6 6. Bc4 Qf6 7. Nc3 Be6 8. Qe2
d5 9. Bb3 Bg7 10. d3 Nd7 11. exd5 Bf5 12. Bg5 Qd6 13. d4 O-O 14. a4 a5 15. Rfe1
Rfe8 16. Ne4 Qf8 17. dxe5 Nxe5 18. Nxe5 Rxe5 19. f3 Rd8 20. Bxd8 Qxd8 21. dxc6
bxc6 22. Rad1 Qe7 23. Qd2 Bf8 24. Qd8 Qa7+ 25. Kf1 Qe7 26. Rd6 Qxd8 27. Rxd8 Kg7
28. Red1 Ng8 29. Nd6 Be6 30. Bxe6 Rxe6 31. Ne8+ Kh8 32. Nc7 Re7 33. Nd5 Re6 34.
Nc7 Re7 35. Ne8 Rb7 36. h4 h5 37. R1d7 Rxb2 38. Rxf7 Rxc2 39. Rdd7 Nf6 40. Nxf6
Rc1+ 41. Kf2 Rc2+ 42. Kg3 Rxg2+ 43. Kxg2 Bg7 44. Rd8+ Bf8 45. Rdxf8# 1-0

[Event "21"]
[Site "http://www.queenalice.com/game.php?id=1627061"]
[Date "2020.9.15"]
[Round "-"]
[White "magalhaes_br"]
[Black "BeeHappy"]
[Result "1-0"]
[WhiteElo "1557"]
[BlackElo "1400"]

1. e4 e5 2. Nf3 d6 3. Bc4 Be6 4. d3 Nf6 5. c3 Be7 6. O-O O-O 7. Qb3 d5 8. exd5
Nxd5 9. Nxe5 c6 10. Qxb7 Nd7 11. Qxc6 Rc8 12. Qa4 Nxe5 13. Ba6 Rc7 14. Nd2 Nb6
15. Qa5 Qd5 16. Qxd5 Bxd5 17. Ne4 Bxe4 18. dxe4 Nbc4 19. b3 Nd6 20. Bf4 Ng6 21.
Be3 Nxe4 22. Bd4 Nxc3 23. Rac1 Bf6 24. Rxc3 Rd7 25. Bxf6 gxf6 26. Rc8 Rdd8 27.
Rxd8 Rxd8 28. h3 Rd6 29. Bc4 Nf4 30. Re1 Rd2 31. Re7 Kf8 32. Rxf7+ Ke8 33. Rxf6
Ne2+ 34. Kf1 Nc3 35. Kg1 Nxa2 36. Rf7 Rd1+ 37. Kh2 Nc1 38. Rxa7 Nd3 39. Rxh7
Nxf2 40. Kg3 Ne4+ 41. Kf3 Nd2+ 42. Ke2 Rg1 43. Kxd2 Rxg2+ 44. Kc3 Kf8 45. b4 Rg7
46. Rh8+ Ke7 47. h4 Kd6 48. Rd8+ Ke5 49. Rd1 Rg4 50. Rh1 Rg3+ 51. Kb2 Rg2+ 52.
Kc1 Kd4 53. Bg8 Rxg8 54. h5 Kc4 55. Rh4+ Kb3 56. b5 Rb8 57. h6 Rxb5 58. h7 Rb8
59. h8=Q Rxh8 60. Rxh8 Kc3 61. Rd8 Kc4 62. Kc2 Kc5 63. Kc3 Kc6 64. Kc4 Kc7 65.
Rd5 Kc6 66. Re5 Kd6 67. Kd4 Kd7 68. Kd5 Kc7 69. Re6 Kd7 70. Re5 Kc7 71. Ke6 Kc6
72. Rd5 Kc7 73. Ke7 Kc6 74. Rh5 Kc7 75. Rh6 Kb7 76. Kd7 Kb8 77. Rb6+ Ka7 78. Kc7
Ka8 79. Ra6# 1-0

[Event "21"]
[Site "http://www.queenalice.com/game.php?id=1627062"]
[Date "2020.9.15"]
[Round "-"]
[White "BeeHappy"]
[Black "magalhaes_br"]
[Result "0-1"]
[WhiteElo "1390"]
[BlackElo "1578"]

1. e4 e5 2. Nf3 Nc6 3. Bc4 Nf6 4. O-O d6 5. Nc3 Be7 6. d3 O-O 7. Bg5 a6 8. d4 b5
9. Bd3 Nxd4 10. Nxd4 exd4 11. Nd5 Nxd5 12. Bd2 Nf6 13. Qf3 Bb7 14. c3 d5 15.
Rfe1 h6 16. cxd4 dxe4 17. Bxe4 Bxe4 18. Qf4 Qxd4 19. Be3 Qxb2 20. f3 Nd5 21.
Qxe4 Rad8 22. Bd4 Qb4 23. a3 Qd6 24. Qg4 Bg5 25. Qe4 Rde8 26. Qg4 Nf6 27. Qf5
Qxd4+ 28. Kh1 Rxe1+ 29. Rxe1 Qc3 30. Qe5 Qxe5 31. Rxe5 Nd7 32. Rd5 Nf6 33. Rc5
Rc8 34. h3 Nd7 35. Rc6 Nb8 36. Rc5 Nd7 37. Rc3 Be7 38. f4 b4 39. Rb3 Rb8 40.
axb4 Rxb4 41. Rf3 Bd6 42. g3 a5 43. Ra3 Ra4 44. Rxa4 Nc5 45. Rxa5 Ne4 46. Ra3
Bxa3 47. g4 g5 48. fxg5 Nxg5 49. h4 Nf3 50. h5 c5 51. g5 Nxg5 52. Kh2 c4 53. Kg3
c3 54. Kf4 c2 55. Kf5 c1=Q 56. Kf6 Kh7 57. Kf5 Qc8+ 58. Kf6 Qh8+ 59. Kf5 Bb2 60.
Kf4 Qe5+ 61. Kg4 f5+ 62. Kh4 f4 63. Kg4 f3 64. Kh4 Qf6 65. Kg4 f2 66. Kh4 f1=Q
67. Kg4 Q6f3+ 68. Kh4 Q1h3# 0-1

[Event "21"]
[Site "http://www.queenalice.com/game.php?id=1631702"]
[Date "2020.11.2"]
[Round "-"]
[White "magalhaes_br"]
[Black "BeeHappy"]
[Result "1-0"]
[WhiteElo "1586"]
[BlackElo "1382"]

1. d4 d5 2. Nf3 Nf6 3. Nc3 Bf5 4. b3 e6 5. g3 Bb4 6. Bd2 O-O 7. a3 Bd6 8. Bg2
Ne4 9. Bf4 Nxc3 10. Qd2 Ne4 11. Qc1 Nc6 12. O-O Qd7 13. Bxd6 Qxd6 14. e3 Bg4 15.
c4 Rae8 16. c5 Qd7 17. Ne5 Nxe5 18. dxe5 c6 19. f3 Nxg3 20. hxg3 Bf5 21. g4 Bd3
22. Re1 b6 23. b4 b5 24. Qc3 Bg6 25. a4 bxa4 26. Rxa4 f6 27. e4 dxe4 28. fxe4 h5
29. Bf3 h4 30. Kh2 f5 31. Rd1 Qf7 32. Rd6 fxe4 33. Bg2 Qf4+ 34. Kh1 Qxg4 35. Qh3
Qxh3+ 36. Bxh3 Bf5 37. Bg2 e3 38. Bxc6 Bc2 39. Bxe8 e2 40. Ra1 Rxe8 41. Re1 Be4+
42. Kg1 Rf8 43. Rxe2 Bf3 44. Ra2 h3 45. Kh2 Bg4 46. Rd4 Bf5 47. Rxa7 g6 48. Rdd7
Be4 49. Rg7+ Kh8 50. Rh7+ Kg8 51. Rag7# 1-0

[Event "21"]
[Site "http://www.queenalice.com/game.php?id=1641818"]
[Date "2021.1.28"]
[Round "-"]
[White "BeeHappy"]
[Black "magalhaes_br"]
[Result "0-1"]
[WhiteElo "1358"]
[BlackElo "1541"]

1. d4 d5 2. Nf3 b6 3. Bf4 Bb7 4. e3 Nf6 5. Bb5+ c6 6. Ba4 e6 7. O-O Bd6 8. Nc3
O-O 9. Qd3 a6 10. Ne2 b5 11. Bb3 Ne4 12. c3 Nd7 13. c4 bxc4 14. Qc2 cxb3 15.
Qxb3 Rb8 16. Bxd6 Nxd6 17. Rad1 Ba8 18. Qc3 Qb6 19. Nf4 Ne4 20. Qb3 Qa7 21. Qc2
Ndf6 22. a4 c5 23. dxc5 Nxc5 24. Nd4 e5 25. Nxd5 Bxd5 26. Nf5 Bb3 27. Qc1 Bxd1
28. Qxd1 Rxb2 29. Qc1 Nxa4 30. Qc4 Qd7 31. Ng3 Rc8 32. Qh4 Qg4 33. Qxg4 Nxg4 34.
f3 Nxe3 35. h3 Nxf1 36. Nxf1 Rc1 37. Kh2 Rxf1 38. Kg3 Rb3 39. Kg4 Rg1 40. h4
Rxg2+ 41. Kh3 Rg6 42. h5 Rg5 43. Kh4 h6 44. f4 Rb4 45. Kh3 Rxh5+ 46. Kg3 Rxf4
47. Kg2 Rg5+ 48. Kh1 Rh4# 0-1

[Event "21"]
[Site "http://www.queenalice.com/game.php?id=1641994"]
[Date "2021.1.30"]
[Round "-"]
[White "magalhaes_br"]
[Black "BeeHappy"]
[Result "1-0"]
[WhiteElo "1591"]
[BlackElo "1374"]

1. e4 Nf6 2. e5 Nd5 3. d4 Nc6 4. Nf3 e6 5. Bb5 Be7 6. O-O O-O 7. Nbd2 Nf4 8. Ne4
d6 9. Bxf4 a6 10. Ba4 Nb4 11. a3 d5 12. Ng3 c6 13. axb4 Bxb4 14. c3 Be7 15. Qd3
b5 16. Bc2 Qd7 17. Qxh7# 1-0

[Event "21"]
[Site "http://www.queenalice.com/game.php?id=1641995"]
[Date "2021.1.30"]
[Round "-"]
[White "BeeHappy"]
[Black "magalhaes_br"]
[Result "0-1"]
[WhiteElo "1367"]
[BlackElo "1551"]

1. d4 d5 2. Nf3 Nf6 3. Bf4 g6 4. e3 Bg7 5. Bd3 O-O 6. O-O Nbd7 7. Nc3 c6 8. Ne5
a6 9. Qf3 Re8 10. e4 b5 11. Nxd7 Bxd7 12. exd5 Qc8 13. Ne4 cxd5 14. Ng5 a5 15.
Be5 a4 16. Bf4 b4 17. b3 axb3 18. cxb3 Bg4 19. Qg3 h6 20. Nf3 Nh5 21. Qh4 Bf6
22. Qxf6 Nxf6 23. Bxh6 Kh7 24. Bg5 Bh3 25. gxh3 Qxh3 26. Ne1 Ng4 27. Ng2 Qxh2#
0-1

[Event "21"]
[Site "http://www.queenalice.com/game.php?id=1646206"]
[Date "2021.3.10"]
[Round "-"]
[White "BeeHappy"]
[Black "magalhaes_br"]
[Result "0-1"]
[WhiteElo "1349"]
[BlackElo "1538"]

1. d4 d5 2. e3 Nf6 3. Bb5+ c6 4. Bd3 Nbd7 5. Nf3 Qc7 6. O-O g6 7. Nc3 Bg7 8. e4
O-O 9. Bg5 e5 10. dxe5 Nxe5 11. Be2 b5 12. Qd2 Nxe4 13. Nxe4 dxe4 14. Nxe5 Qxe5
15. c3 Bb7 16. Rad1 f6 17. Bg4 Qxg5 18. Qxg5 fxg5 19. Rde1 c5 20. b4 cxb4 21.
cxb4 a5 22. bxa5 Rxa5 23. Ra1 Bxa1 24. Rxa1 Bd5 25. a3 b4 26. Bd1 Rxa3 27. Rxa3
bxa3 28. h3 a2 29. Kh2 Rxf2 30. Kg3 e3 31. Kg4 Rxg2# 0-1

[Event "21"]
[Site "http://www.queenalice.com/game.php?id=1648274"]
[Date "2021.3.30"]
[Round "-"]
[White "magalhaes_br"]
[Black "BeeHappy"]
[Result "0-1"]
[WhiteElo "1540"]
[BlackElo "1341"]

1. e4 e5 2. Nf3 Nf6 3. Nc3 Bc5 4. Bc4 O-O 5. O-O d6 6. d3 Nc6 7. Nd5 Ng4 8. Be3
Nxe3 9. fxe3 Be6 10. a3 Qd7 11. Ng5 Bg4 12. Nf3 Bxf3 13. Rxf3 Ne7 14. Nxe7+ Qxe7
15. Qe2 a6 16. Rxf7 Rxf7 17. Bxf7+ Qxf7 18. Rf1 Qg6 19. b4 Bb6 20. c3 Rf8 21.
Rxf8+ Kxf8 22. d4 Qxe4 23. a4 a5 24. Qf3+ Qxf3 25. gxf3 g5 26. Kg2 axb4 27. cxb4
e4 28. fxe4 h6 29. Kf3 h5 30. Kg3 Kg7 31. h4 c5 32. bxc5 dxc5 33. dxc5 Bxc5 34.
e5 Bxe3 35. Kf3 Bf4 36. e6 Kf8 37. hxg5 Bxg5 38. a5 h4 39. Kg2 Ke8 40. Kh3 Ke7
41. Kg4 Bf6 42. Kf5 h3 43. Kg4 h2 44. Kf3 h1=Q+ 45. Ke3 Kxe6 46. Kd3 Kd5 47. Kd2
Kd4 48. Ke2 Bh4 49. Kd2 Qe1+ 50. Kc2 Kc4 51. Kb2 Qd1 52. Ka3 Qb3# 0-1

[Event "21"]
[Site "http://www.queenalice.com/game.php?id=1680708"]
[Date "2021.4.24"]
[Round "-"]
[White "magalhaes_br"]
[Black "BeeHappy"]
[Result "1/2-1/2"]
[WhiteElo "1574"]
[BlackElo "1355"]

1. d4 d5 2. Nf3 Nc6 3. Bf4 Nf6 4. e3 e6 5. Bd3 Bd6 6. O-O O-O 7. c3 Qe7 8. c4
dxc4 9. Bxc4 Ne4 10. Nbd2 Nxd2 11. Qxd2 Bb4 12. Qc2 Bd7 13. a3 Bd6 14. Bxd6 cxd6
15. b4 e5 16. d5 Nb8 17. Bb3 Bb5 18. a4 Bxf1 19. Rxf1 Na6 20. b5 Nb4 21. Qb2
Nxd5 22. Bxd5 Rad8 23. a5 e4 24. Nd2 b6 25. Nxe4 bxa5 26. b6 axb6 27. Qxb6 Rb8
28. Qxa5 Qe5 29. Qc7 Qxd5 30. Nxd6 Rbd8 31. Nb7 Rb8 32. Qd6 Qxb7 33. h3 Qb1 34.
Rxb1 Rxb1+ 35. Kh2 Re8 36. Qd3 Rb2 37. f4 f6 38. Qd4 Rf2 39. Qa4 Rxe3 40. Qd4
Ree2 41. Kg3 Rxg2+ 42. Kf3 Kf7 43. Qc4+ Kg6 44. Qxe2 Rxe2 45. Kxe2 Kf5 46. Kf3
g5 47. fxg5 fxg5 48. Kg3 h5 49. h4 g4 50. Kg2 Kf4 51. Kh2 Kf3 52. Kg1 g3 53. Kh1
g2+ 54. Kg1 Kg4 55. Kxg2 Kxh4 56. Kh2 Kg4 57. Kg2 h4 58. Kh2 Kg5 59. Kh3 Kh5 60.
Kg2 Kg4 61. Kh2 h3 62. Kh1 Kg3 63. Kg1 h2+ 64. Kh1 Kh3 1/2-1/2

[Event "21"]
[Site "http://www.queenalice.com/game.php?id=1684010"]
[Date "2021.4.25"]
[Round "-"]
[White "magalhaes_br"]
[Black "BeeHappy"]
[Result "1-0"]
[WhiteElo "1520"]
[BlackElo "1365"]

1. e4 e5 2. Nf3 Nc6 3. Bc4 Bc5 4. O-O Nf6 5. d3 O-O 6. Nbd2 d6 7. a3 Bg4 8. c3
Qe7 9. Qb3 Rad8 10. Qxb7 Na5 11. Qa6 Nxc4 12. Qxc4 c6 13. b4 Bb6 14. Qxc6 Bc7
15. Qb7 d5 16. Qxa7 Ra8 17. Qc5 Qd7 18. d4 Rfe8 19. h3 Be6 20. Bb2 Nxe4 21. Rfd1
Nxc5 22. bxc5 exd4 23. cxd4 Bf4 24. Ne5 Qe7 25. Ndf3 f6 26. Nc6 Qc7 27. Nb4 Bf5
28. Nxd5 Qa5 29. Nxf4 Re4 30. Bc1 g5 31. Nh5 Qc3 32. Bd2 Qc4 33. Nxf6+ Kg7 34.
Nxe4 Bxe4 35. Nxg5 h6 36. Nxe4 Qxd4 37. Bc3 Qf6 38. Bxf6+ Kg6 39. Rd6 Rc8 40.
Bg5+ Kh5 41. Rxh6# 1-0

[Event "21"]
[Site "http://www.queenalice.com/game.php?id=1763825"]
[Date "2021.7.6"]
[Round "-"]
[White "BeeHappy"]
[Black "magalhaes_br"]
[Result "1-0"]
[WhiteElo "1364"]
[BlackElo "1482"]

1. d4 d5 2. Nf3 Nf6 3. e3 e6 4. Bb5+ c6 5. Ba4 Bb4+ 6. c3 Ba5 7. O-O O-O 8. Nbd2
Nbd7 9. b3 b5 10. Bxb5 cxb5 11. Ba3 Re8 12. Ne5 Nxe5 13. dxe5 Ne4 14. Nxe4 dxe4
15. Qxd8 Rxd8 16. c4 b4 17. Bc1 Bc7 18. Bb2 a5 19. c5 Ba6 20. Rfe1 Bxe5 21. Bxe5
Rd5 22. Bd6 Rd2 23. Rad1 Rxa2 24. h3 a4 25. bxa4 b3 26. Rb1 b2 27. f3 Bd3 28.
Rbd1 R8xa4 29. Be5 b1=Q 30. Rxb1 Bxb1 31. Rxb1 Ra5 32. Rb8# 1-0